000 00642nam a22001937a 4500
999 _c17097
_d17097
008 220606b ||||| |||| 00| 0 eng d
020 _a9781265450090
082 _22022
_aDC 332.6
_bB632
100 _aBodie, Zvi, author
_945443
245 _aEssentials of investments/
_cZvi Bodie, Alex Kane, Alan J. Marcus, authors
250 _aTwelfth edition
260 _aNew York, NY:
_bMc Graw Hill,
_c2022.
300 _av, 741 pages:
_billustrations;
_c27 cm.
500 _aIncludes appendix and index.
650 _aInvestments.
_945444
700 _aKane, Alex,
_eauthor
_945445
700 _aMarcus, Alan J.,
_eauthor
_914541
942 _2ddc
_cDC